000 02454nam0a2200397 4500
001 RU\NLR\BIBL_A\011627724
005 20250626101558.0
020 _aRU
_b11826
_9Сводный каталог листовок первых лет Советской власти (25 октября (7 ноября) 1917 - 1925) Т.4 (Ч.3). Листовки советских, партийных, профсоюзных, комсомольских и других организаций губерний РСФСР
035 _a(NLR Aleph) 011627724
090 _a11016738
_c11016738
100 _a20180213j19200930|||y0rusy50 ca
101 0 _arus
102 _aRU
105 _ay z 000zy
135 _acrcn 024anaba
200 1 _aПриказ Новоторжского уездного комиссариата по военным делам, 30 сент. 1920 г. N° 190. г. Торжок, Твер. губ.
_e[о составлении списков граждан, подлежащих поверочному сбору
_eлистовка]
210 _a[Торжок
_cб. и.
_d1920, сент., 30]
215 _a1 с.
_d29х18
300 _aПодписи: уездный военный комиссар Сапунов; военный руководитель А. Штюрмер
325 _aКопия доступна в Электрон. б-ке РНБ
517 1 _aо составлении списков граждан, подлежащих поверочному сбору
607 _aРСФСР
_jЛистовки
_xПолитика и управление
_y1917 - 1925
_92312782
_3RU\NLR\auth\6601609564
686 0 _aТ3(2)71-313,011
686 1 _aЦ35(2)712,011
702 1 _4720
_7ca
_aСапунов
_bА. С.
_cвоен. комиссар, г.Торжок
_fок.1890 -1963
_gАлександр Сергеевич
_9188081
_3RU\NLR\AUTH\770188132
702 1 _4720
_7ca
_8rus
_aШтюрмер
_bА.
_cвоен. специалист
_9188136
_3RU\NLR\AUTH\770188187
710 0 2 _aНовоторжский уездный комиссариат по военным делам
_9592505
_3RU\NLR\AUTH\880464995
852 0 0 _aNLR
_bФЛ
_j56/25
942 _cBOOK
980 _aNB
981 2 1 _a(21) Листовки
_b(21) Листовки 1920 года